Satu permulaan : Man jadda wajada

Bibliographic Details
Other Authors: Noor Syazana, Wani Syafiqah Adnan
Format: Book
Published: Selangor : The Hamare Project Collection , 2019
Subjects:

MARC

LEADER 00000cam a2200000 7i4500
001 0000085984
005 20201206.0
008 201125
020 |a 9789671458754 
041 0 |a Malay 
090 0 0 |a 158.1088297   |b SAT 
245 1 0 |a Satu permulaan : Man jadda wajada 
260 |a Selangor :   |b The Hamare Project Collection ,   |c 2019 
300 |a 338 p. :   |b ill. ;   |c 20.9 cm. 
541 0 0 |c Purchased on 2020   |f 2020/19 NTR   |h RM33.00 
650 0 |a Motivation (psychology)   |x Religious aspects   |x Islam 
700 0 |a Noor Syazana 
700 0 |a Wani Syafiqah Adnan 
999 |a 0001642597   |b Book   |c Adult Collection   |e Cawangan Bandar Tenggara 
999 |a 0001642598   |b Book   |c Adult Collection   |e Cawangan Segamat 
999 |a 0001642599   |b Book   |c Adult Collection   |e Cawangan Bukit Gambir 
999 |a 0001642600   |b Book   |c Adult Collection   |e Cawangan Tmn. Ungku Tun Aminah 
999 |a 0001642601   |b Book   |c Adult Collection   |e Cawangan Muar 
999 |a 0001642602   |b Book   |c Adult Collection   |e Cawangan Mersing 
999 |a 0001642603   |b Book   |c Adult Collection   |e Cawangan Pontian 
999 |a 0001642604   |b Book   |c Adult Collection   |e Cawangan Taman Sri Lambak 
999 |a 0001642605   |b Book   |c Adult Collection   |e Cawangan Batu Pahat 
999 |a 0001642606   |b Book   |c Adult Collection   |e Cawangan Tangkak 
999 |a 0001642607   |b Book   |c Adult Collection   |e Cawangan Kota Tinggi 
999 |a 0001642608   |b Book   |c Adult Collection   |e Cawangan Bandar Penawar 
999 |a 0001642868   |b Book   |c Adult Collection   |e Perbadanan Perpustakaan Awam Johor 
999 |a 0001642869   |b Book   |c Adult Collection   |e Perbadanan Perpustakaan Awam Johor 
999 |a 0001642870   |b Book   |c Adult Collection   |e Cawangan Urban Transformation Centre 
999 |a 0001642871   |b Book   |c Adult Collection   |e Cawangan AEON Kulaijaya